Statystyki dla Państwo vs państwo

Kliknij tutaj aby rozwiązać quiz!

Ogólne statystyki

  • Ten quiz został rozwiązany 19 795 razy
  • Średni wynik to 11 z 15

Statystyki odpowiedzi

ZagadnienieOdpowiedź% Poprawnych
W których z tych państw mieszkańcy kończą się na -acy?
95%
Które państwo przyjmuje więcej turystów rocznie? (2018)
91%
Które państwo ma wiekszą powierzchnie?
91%
Które państwo ma dłuższą linię brzegową?
89%
Które państwo ma większą populacje?
85%
Które państwo jest bardziej wysunięte na północ?
80%
Które państwo ma większą ilość broni atomowych?
75%
Które z tych państw ma więcej oficjalnych języków narodowych?
70%
Które państwo ma więcej sąsiadów?
69%
Które z tych państw leży w Afryce?
69%
Które z tych państw miał więcej zgonów wojskowych podczas II wojny światowej?
67%
Który z nich używa dolara jako waluty?
62%
Które państwo jest geograficznie bliżej Australii?
55%
Które państwo jest bardziej zaludnione?
49%
Gdzie jest niższa średnia temperatura?
48%

Rozkład punktacji

Percentyl według liczby udzielonych odpowiedzi

Procent ludzi z każdym wynikiem

Twoja historia wyników

Nie rozwiązałeś tego quizu